| 000 | 00401nam a2200157Ia 4500 | ||
|---|---|---|---|
| 005 | 20250222095840.0 | ||
| 008 | 231217s9999 xx 000 0 und d | ||
| 020 | _a9781852335649 | ||
| 082 | _a006.696 VIN;1 R | ||
| 100 | _aVince, John ed. | ||
| 245 | 0 | _aHandbook of computer animation | |
| 260 |
_c2003 _bSpringer _aLondon |
||
| 300 | _axiii, 244 | ||
| 650 | _acomputer,animation | ||
| 942 | _cAA | ||
| 999 |
_c189005 _d189005 |
||